Ils ont échoué aux élections municipales 2026 - Statistiques

Statistiques générales
  • Ce quiz a été pris 46 fois
  • Le résultat moyen est 9 sur 20
Statistiques - réponses
Par images Hint Réponse % Correct
Pau François Bayrou
98%
Paris Rachida Dati
98%
Lyon Jean-Michel Aulas
91%
Nice Christian Estrosi
87%
Toulon Laure Lavalette
82%
Paris Sophia Chikirou
73%
Toulouse François Piquemal
62%
Marseille Franck Allisio
49%
Bordeaux Pierre Hurmic
47%
Strasbourg Jeanne Barseghian
36%
Villeneuve d'Ascq Ugo Bernalicis
36%
Poissy Karl Olive
33%
Le Havre Jean-Paul Lecoq
29%
Orange Jacques Bompard
22%
Limoges Damien Maudet
20%
Clermont-Ferrand Olivier Bianchi
13%
Tulle Bernard Combes
11%
Riom Christine Pirès Beaune
9%
Bar le Duc Bertrand Pancher
7%
Issoudun André Laignel
4%
Aucun quiz correspondant
Distribution des résultats
% des personnes avec chaque résultat
Percentile par nombre de réponses
Votre historique - résultats
Vous n’avez pas pris ce quiz